Skoki Narciarskie - Najlepsi Amerykanie w PŚ w XXI wieku - Statystyki

Ogólne statystyki
  • Ten quiz został rozwiązany 74 razy
  • Średni wynik to 12 z 25
Statystyki odpowiedzi
Sezon Odpowiedź % Poprawnych
2015/16 Kevin Bickner
98%
2016/17 Kevin Bickner
98%
2017/18 Kevin Bickner
98%
2018/19 Kevin Bickner
98%
2019/20 Kevin Bickner
98%
2024/25 Tate Frantz
85%
2022/23 Erik Belshaw
64%
2023/24 Erik Belshaw
64%
2021/22 Decker Dean
49%
2000/01 Alan Alborn
47%
2001/02 Alan Alborn
47%
2005/06 Alan Alborn
47%
2020/21 Casey Larson
41%
2002/03 Clint Jones
36%
2003/04 Clint Jones
36%
2004/05 Clint Jones
36%
2006/07 Clint Jones
36%
2007/08 Anders Johnson
19%
2009/10 Nicholas Alexander
15%
2014/15 Nicholas Alexander
15%
2008/09 Nicholas Fairall
15%
2013/14 Nicholas Fairall
15%
2010/11 Peter Frenette
8%
2011/12 Peter Frenette
8%
2012/13 Peter Frenette
8%
Nie znaleziono quizów pasujących do podanych kryteriów
Rozkład punktacji
Procent ludzi z każdym wynikiem
Percentyl według liczby udzielonych odpowiedzi
Twoja historia wyników
Nie rozwiązałeś tego quizu